Bulk electricity pricing in restructured markets lessons of developing countries from eight case studies (Record no. 541955)
[ view plain ]
| 000 -LEADER | |
|---|---|
| fixed length control field | 00419nam a22001217a 4500 |
| 082 ## - DEWEY DECIMAL CLASSIFICATION NUMBER | |
| Classification number | 333.7932 |
| Author Mark | BAT |
| -- | D |
| 245 ## - TITLE STATEMENT | |
| Title | Bulk electricity pricing in restructured markets lessons of developing countries from eight case studies |
| Statement of responsibility, etc. | Bates, Robin W. |
| 260 ## - PUBLICATION, DISTRIBUTION, ETC. | |
| Place of publication, distribution, etc. | Washington |
| Name of publisher, distributor, etc. | The world bank |
| Date of publication, distribution, etc. | 1997 |
| 300 ## - PHYSICAL DESCRIPTION | |
| Extent | vii, 10 p. : |
| Other physical details | ill, ; |
| Dimensions | 24 cm. |
| 526 ## - STUDY PROGRAM INFORMATION NOTE | |
| Program name | 0 |
| Interest level | 0 |
| Reading level | 0 |
| Title point value | 333_793200000000000_BAT |
| 650 ## - SUBJECT ADDED ENTRY--TOPICAL TERM | |
| Topical term or geographic name entry element | D |
| 9 (RLIN) | 6527 |
| 942 ## - ADDED ENTRY ELEMENTS (KOHA) | |
| Source of classification or shelving scheme | |
| Koha item type | Book |
| Withdrawn status | Lost status | Source of classification or shelving scheme | Damaged status | Not for loan | Permanent Location | Current Location | Date acquired | Total Checkouts | Full call number | Barcode | Date last seen | Copy number | Price effective from | Koha item type |
|---|---|---|---|---|---|---|---|---|---|---|---|---|---|---|
| Military College of Engineering (MCE) | Military College of Engineering (MCE) | 09/12/2013 | 333.7932 BAT | MCE-32072 | 09/12/2013 | 1 | 09/12/2013 | Book |
